<?xml version="1.0" encoding="UTF-8"?>
<record
    xmlns:xsi="http://www.w3.org/2001/XMLSchema-instance"
    xsi:schemaLocation="http://www.loc.gov/MARC21/slim http://www.loc.gov/standards/marcxml/schema/MARC21slim.xsd"
    xmlns="http://www.loc.gov/MARC21/slim">

  <leader>02900nam a2200409 i 4500</leader>
  <controlfield tag="001">193377</controlfield>
  <controlfield tag="003">SpMaBN</controlfield>
  <controlfield tag="005">20250630060312.0</controlfield>
  <controlfield tag="007">ta</controlfield>
  <controlfield tag="008">201029s2020    sp     | |||| 000 f spa  </controlfield>
  <datafield tag="017" ind1=" " ind2=" ">
    <subfield code="a">M 6621-2020</subfield>
    <subfield code="b">Oficina Dep&#xF3;sito Legal Madrid</subfield>
  </datafield>
  <datafield tag="020" ind1=" " ind2=" ">
    <subfield code="a">9788494180088</subfield>
  </datafield>
  <datafield tag="035" ind1=" " ind2=" ">
    <subfield code="a">a6730054 </subfield>
  </datafield>
  <datafield tag="040" ind1=" " ind2=" ">
    <subfield code="a">SpMaBN</subfield>
    <subfield code="b">spa</subfield>
    <subfield code="c">SpMaBN</subfield>
    <subfield code="e">rda</subfield>
  </datafield>
  <datafield tag="080" ind1=" " ind2=" ">
    <subfield code="a">821.134.2-31"19"</subfield>
  </datafield>
  <datafield tag="100" ind1="1" ind2=" ">
    <subfield code="a">Bilbao, Daniel,</subfield>
    <subfield code="d">1960-</subfield>
    <subfield code="4">aut</subfield>
    <subfield code="9">234543</subfield>
    <subfield code="e">aut</subfield>
  </datafield>
  <datafield tag="245" ind1="1" ind2="3">
    <subfield code="a">El perro ladrador /</subfield>
    <subfield code="c">Daniel Bilbao</subfield>
  </datafield>
  <datafield tag="246" ind1=" " ind2=" ">
    <subfield code="a">Las cr&#xF3;nicas de G&#xFC;illiam de Canford</subfield>
  </datafield>
  <datafield tag="264" ind1=" " ind2="1">
    <subfield code="a">Madrid :</subfield>
    <subfield code="b">Mong,</subfield>
    <subfield code="c">2020</subfield>
  </datafield>
  <datafield tag="300" ind1=" " ind2=" ">
    <subfield code="a">145 p&#xE1;ginas ;</subfield>
    <subfield code="c">23 cm</subfield>
  </datafield>
  <datafield tag="336" ind1=" " ind2=" ">
    <subfield code="a">Texto</subfield>
    <subfield code="2">rdacontent</subfield>
  </datafield>
  <datafield tag="337" ind1=" " ind2=" ">
    <subfield code="a">sin mediaci&#xF3;n</subfield>
    <subfield code="2">rdamedia</subfield>
  </datafield>
  <datafield tag="338" ind1=" " ind2=" ">
    <subfield code="a">volumen</subfield>
    <subfield code="2">rdacarrier</subfield>
  </datafield>
  <datafield tag="490" ind1="0" ind2=" ">
    <subfield code="a">Las cr&#xF3;nicas de G&#xFC;illiam de Canford, el arquero siniestro sindedos ;</subfield>
    <subfield code="v">[1]</subfield>
  </datafield>
  <datafield tag="500" ind1=" " ind2=" ">
    <subfield code="a">En cub.: "Una novela negra de la Edad Media"</subfield>
  </datafield>
  <datafield tag="500" ind1=" " ind2=" ">
    <subfield code="a">Primer libro de Las Cr&#xF3;nicas de G&#xFC;illiam de Canford.</subfield>
  </datafield>
  <datafield tag="520" ind1=" " ind2=" ">
    <subfield code="a">Corre el a&#xF1;o 1476. G&#xFC;illiam de Canford, conocido como el Arquero Siniestro Sindedos, se dirige a cumplir una misi&#xF3;n encomendada por el rey Fernando de Arag&#xF3;n cuando es encerrado en las mazmorras del castillo de Fr&#xED;as con otros dos prisioneros: un prestamista jud&#xED;o y una supuesta bruja, Mar&#xED;a la Gatusa. Desconocen de qu&#xE9; cr&#xED;menes se les acusa, pero aun as&#xED; los obligar&#xE1;n a confesar su culpabilidad, y eso los llevar&#xED;a a la horca. En la mejor tradici&#xF3;n de la novela negra, donde el Colt es reemplazado por el arco y las flechas, G&#xFC;illiam busca desentra&#xF1;ar un misterio muy singular y descubrir a
un ins&#xF3;lito culpable. Le va la vida en ello y pondr&#xE1; en juego su sarcasmo y la falta de escr&#xFA;pulos propia del mercenario que es.

Acompa&#xF1;ado de Mar&#xED;a la Gatusa, que no es ni una dama ni una bruja aunque podr&#xED;a ser ambas, G&#xFC;illiam nos adentra en el turbio ambiente de una ciudad medieval y sus m&#xE1;s representativos personajes. Sus pesquisas lo llevan a intimidar a un tah&#xFA;r, chantajear a un religioso, amenazar a un artesano, desafiar a un caballero armado y enfrentarse a la nobleza. De paso, nos proporciona una visi&#xF3;n cr&#xED;tica de la &#xE9;poca, a veces s&#xF3;rdida y otras surrealista, pero siempre ocurrente.

Este sainete medieval se resuelve con la elegancia de los mejores relatos de misterio y el a&#xF1;adido de dejarnos con una sonrisa en la boca. </subfield>
  </datafield>
  <datafield tag="655" ind1=" " ind2="7">
    <subfield code="a">Novelas negras</subfield>
    <subfield code="2">tgfbne</subfield>
    <subfield code="9">226784</subfield>
  </datafield>
  <datafield tag="655" ind1=" " ind2="7">
    <subfield code="a">Novelas hist&#xF3;ricas</subfield>
    <subfield code="2">tgfbne</subfield>
    <subfield code="9">226782</subfield>
  </datafield>
  <datafield tag="852" ind1=" " ind2=" ">
    <subfield code="a">ES-MaACL</subfield>
    <subfield code="b">R. 154757</subfield>
    <subfield code="c">DEPOJ</subfield>
    <subfield code="j">N-9536</subfield>
    <subfield code="9">200823</subfield>
    <subfield code="h">Donativo: Daniel Bilbao</subfield>
    <subfield code="g">Dedicatoria aut&#xF3;grafa del autor</subfield>
    <subfield code="x">Encuadernaci&#xF3;n r&#xFA;stica con solapas</subfield>
  </datafield>
  <datafield tag="903" ind1=" " ind2=" ">
    <subfield code="9">234543</subfield>
    <subfield code="a">Bilbao, Daniel,</subfield>
    <subfield code="d">1960-</subfield>
    <subfield code="e">dnr</subfield>
  </datafield>
  <datafield tag="942" ind1=" " ind2=" ">
    <subfield code="n">0</subfield>
    <subfield code="c">MONOGRAFIA</subfield>
  </datafield>
  <datafield tag="999" ind1=" " ind2=" ">
    <subfield code="c">193377</subfield>
    <subfield code="d">193377</subfield>
  </datafield>
  <datafield tag="952" ind1=" " ind2=" ">
    <subfield code="0">0</subfield>
    <subfield code="1">0</subfield>
    <subfield code="2">udc</subfield>
    <subfield code="4">0</subfield>
    <subfield code="7">0</subfield>
    <subfield code="8">Librosdedicados</subfield>
    <subfield code="a">ATENEOM</subfield>
    <subfield code="b">ATENEOM</subfield>
    <subfield code="c">DEPOJ</subfield>
    <subfield code="d">2023-11-13</subfield>
    <subfield code="e">DONACION</subfield>
    <subfield code="j">1</subfield>
    <subfield code="l">0</subfield>
    <subfield code="o">N-9536</subfield>
    <subfield code="p">101206082</subfield>
    <subfield code="r">2023-11-13 00:00:00</subfield>
    <subfield code="y">MONOGRAFIA</subfield>
    <subfield code="z">Dedicatoria aut&#xF3;grafa del autor </subfield>
  </datafield>
</record>
